MARC

Tag First Indicator Second Indicator Subfields
LEADER 00000cam a2200000 i 4500
001 in00003837621
005 20210514085040.0
006 m o d f
007 cr b||||||||||
008 160401s2016 pau ob f000 0 eng c
020 |z 1584877227 
020 |z 9781584877226 
035 |a (OCoLC)ocn945766845 
042 |a pcc 
043 |a mm----- 
040 |a AWC  |b eng  |e rda  |e pn  |c AWC  |d OCLCF  |d GPO  |d MERUC  |d AZP  |d TFW  |d TUL  |d OCLCQ  |d OCLCA  |d GPO  |d LWA  |d OCLCA  |d GPO  |d MvI 
049 |a WWW 
074 |a 0307-A-18 (online) 
086 0 |a D 101.146/3:M 46 
100 1 |a Samaan, Jean-Loup,  |e author. 
245 1 4 |a The East Mediterranean triangle at crossroads /  |c Jean-Loup Samaan. 
264 1 |a Carlisle, PA :  |b Strategic Studies Institute and U.S. Army War College Press,  |c 2016. 
300 |a 1 online resource (xii, 46 pages). 
336 |a text  |b txt  |2 rdacontent 
337 |a computer  |b c  |2 rdamedia 
338 |a online resource  |b cr  |2 rdacarrier 
490 1 |a Letort papers 
500 |a "March 2016." 
500 |a Paper version for sale by the Superintendent of Documents, U.S. Government Publishing Office. 
504 |a Includes bibliographical references (pages 40-46). 
588 0 |a Online resource; title from PDF title page (SSI, viewed April 1, 2016). 
650 0 |a Security, International  |z Mediterranean Region. 
651 0 |a Israel  |x Foreign relations  |z Turkey. 
651 0 |a Turkey  |x Foreign relations  |z Israel. 
651 0 |a Israel  |x Foreign relations  |z Greece. 
651 0 |a Greece  |x Foreign relations  |z Israel. 
651 0 |a Turkey  |x Foreign relations  |z Greece. 
651 0 |a Greece  |x Foreign relations  |z Turkey. 
651 0 |a Mediterranean Region  |x Foreign relations. 
651 0 |a Mediterranean Region  |x Strategic aspects. 
650 7 |a Diplomatic relations.  |2 fast  |0 (OCoLC)fst01907412 
650 7 |a Security, International.  |2 fast  |0 (OCoLC)fst01110895 
650 7 |a Strategic aspects of individual places.  |2 fast  |0 (OCoLC)fst01355062 
651 7 |a Greece.  |2 fast  |0 (OCoLC)fst01208380 
651 7 |a Israel.  |2 fast  |0 (OCoLC)fst01204236 
651 7 |a Mediterranean Region.  |2 fast  |0 (OCoLC)fst01239752 
651 7 |a Turkey.  |2 fast  |0 (OCoLC)fst01208963 
710 2 |a Army War College (U.S.).  |b Strategic Studies Institute,  |e issuing body. 
710 2 |a Army War College (U.S.).  |b Press,  |e publisher. 
776 0 8 |i Print version:  |a Samaan, Jean-Loup.  |t East Mediterranean triangle at crossroads  |w (OCoLC)1004375667 
830 0 |a Letort papers. 
856 4 0 |3 Available in PDF and epub versions  |u https://purl.fdlp.gov/GPO/gpo77274  |t 0 
856 4 0 |3 Available in PDF and epub versions  |u http://purl.fdlp.gov/GPO/gpo77274  |t 0 
999 f f |s fb0c5b69-24f9-3602-8420-6228966b0b41  |i e1086f5f-f743-31f3-832e-a14b8b2d54bf  |t 0 
952 f f |a Texas A&M University  |b College Station  |c Electronic Resources  |d Available Online  |t 0  |e D 101.146/3:M 46  |h Superintendent of Documents classification 
998 f f |a D 101.146/3:M 46  |t 0  |l Available Online